| 000 | 00844cab a2200277 4500 | ||
|---|---|---|---|
| 001 | WB2813-17 | ||
| 008 | 090401t1991 xxu||||| |||| 00| 0 eng d | ||
| 035 | _a(Sirsi) u63846 | ||
| 041 | _aeng | ||
| 245 | _aDeadline for offers | ||
| 260 | _c1991 | ||
| 350 | _a0 | ||
| 490 |
_aGuardian _v21 March 1991, 33(1) |
||
| 520 | _aOverwhelmed by the number of repossessions, building societies are handling cases incompetently according to the Solicitors` Property Group. | ||
| 650 | _aBEST PRICE | ||
| 650 | _aBUILDING SOCIETIES | ||
| 650 | _aDEADLINES | ||
| 650 | _aHOUSE PURCHASE | ||
| 650 | _aNATIONWIDE ANGLIA BUILDING SOCIETY | ||
| 650 | _aOFFERS | ||
| 650 | _aREPOSSESSIONS | ||
| 650 | _aSOLICITORS PROPERTY GROUP | ||
| 690 | _aPROPERTY-RESIDENTIAL PROPERTY-RESIDENTIAL PROPERTY MARKET | ||
| 942 | _n0 | ||
| 948 | _c04/03/1997 | ||
| 999 |
_c39719 _d39719 |
||